Geography Quiz

Random Geography or Asia Quiz
Score 0/20 Timer 03:00
2 Plays Today
Continent Country % Correct
AsiaIndia
90.5%
North AmericaMexico
90.1%
AsiaSaudi Arabia
89%
AfricaEgypt
88%
AsiaChina
86.7%
North AmericaUnited States of America
85.7%
AsiaPakistan
82%
AfricaAlgeria
81.7%
AfricaLibya
81%
AsiaIran
80.3%
Continent Country % Correct
AsiaBangladesh
70.3%
AsiaMyanmar
68.5%
AsiaUnited Arab Emirates
65.2%
AfricaMali
61.7%
AsiaJapan
60.8%
AfricaMauritania
59.2%
North AmericaBahamas
58.3%
AsiaOman
57.5%
AsiaBahrain
56%
AsiaTaiwan
54.1%
Remove Ads.
Support Sporcle.
Get the best of Sporcle when you Go Orange. This ad-free experience offers more features, more stats, and more fun while also helping to support Sporcle. Thank you for becoming a member.

You're not logged in!

Compare scores with friends on all Sporcle quizzes.
OR
Log In

Show Comments

Extras

Top Quizzes Today


Score Distribution

Your Account Isn't Verified!

In order to create a playlist on Sporcle, you need to verify the email address you used during registration. Go to your Sporcle Settings to finish the process.

Report this User

Report this user for behavior that violates our Community Guidelines.

Details: